Statistics for 50 Largest Cities in Africa

Click here to take the quiz!

General Stats

  • This quiz has been taken 164 times
  • The average score is 42 of 50

Answers on the Map

Answers color-coded by a green-red scale on the quiz's map according to % correct below.
 

Answer Stats

Pop (M)City% Correct
5.5Addis Ababa
100%
22.2Cairo
100%
15.9Lagos
100%
5.3Nairobi
100%
5.6Alexandria
99%
4.9Cape Town
99%
16.3Kinshasa
99%
3.9Casablanca
98%
6.2Johannesburg
98%
2.9Algiers
97%
2.5Tunis
97%
2.7Accra
96%
7.8Dar es Salaam
96%
9.3Luanda
96%
2.6Mogadishu
96%
2.8Pretoria
96%
2.0Rabat
96%
3.4Dakar
95%
6.3Khartoum
95%
3.2Durban
94%
3.8Kampala
94%
3.8Abuja
92%
3.9Antananarivo
92%
2.6Brazzaville
92%
5.7Abidjan
91%
1.6Harare
91%
3.2Lusaka
89%
2.9Bamako
88%
3.2Ouagadougou
88%
4.5Yaoundé
88%
1.7Monrovia
87%
2.1Conakry
86%
4.3Kano
86%
1.4Mombasa
86%
1.4Niamey
86%
1.6N'Djaména
85%
2.0Lomé
82%
1.5Nouakchott
81%
4.1Douala
74%
3.9Ibadan
74%
1.9Matola
71%
1.9Benin City
70%
3.5Port Harcourt
65%
3.8Kumasi
63%
2.8Lubumbashi
63%
2.9Mbuji-Mayi
45%
1.4Kisangani
40%
1.6Onitsha
33%
1.7Kananga
29%
4.1Ekurhuleni
9%

Score Distribution

Percentile by Number Answered

Percent of People with Each Score

Your Score History

You have not taken this quiz